L´oeuvre / (Record no. 168221)

MARC details
000 -LEADER
campo de control de longitud fija 00907nam a22002415i 4500
001 - NÚMERO DE CONTROL
campo de control 168221
003 - IDENTIFICADOR DE NÚMERO DE CONTROL
campo de control ES-MaACL
005 - FECHA Y HORA DE LA ÚLTIMA TRANSACCIÓN
campo de control 20250717013111.0
008 - DATOS DE LONGITUD FIJA--INFORMACIÓN GENERAL
campo de control de longitud fija 000726s1886 fr a |||| | fre d
040 ## - FUENTE DE CATALOGACIÓN
Centro catalogador/agencia de origen CCPB | B
Lengua de catalogación spa
Centro/agencia transcriptor CCPB | B
100 1# - ENTRADA PRINCIPAL--NOMBRE DE PERSONA
Nombre de persona Zola, Émile,
Fechas asociadas al nombre 1840-1902
9 (RLIN) 118331
245 12 - MENCIÓN DEL TÍTULO
Título L´oeuvre /
Mención de responsabilidad, etc. par Émile Zola.
260 ## - PUBLICACIÓN, DISTRIBUCIÓN, ETC.
Lugar de publicación, distribución, etc. Paris :
Nombre del editor, distribuidor, etc. G. Charpentier et Cie., éditeurs,
Fecha de publicación, distribución, etc. 1886
300 ## - DESCRIPCIÓN FÍSICA
Extensión 491 p. ;
Dimensiones 19 cm.
490 1# - MENCIÓN DE SERIE
Mención de serie Bibliothèque Charpentier
500 ## - NOTA GENERAL
Nota general Precede al título: Les Rougon-Macquart : Histoire naturelle et sociale d´une famille sous le second empire
752 ## - ENTRADA AGREGADA--NOMBRE JERÁRQUICO DEL LUGAR
País o entidad superior Francia -
Ciudad París
830 00 - PUNTO DE ACCESO ADICIONAL DE SERIE-TÍTULO UNIFORME
Título uniforme Bibliothèque Charpentier
9 (RLIN) 182245
852 ## - LOCALIZACIÓN
Ubicación ES-MaACL
Número de control de estantería D-1519
Nota libre - En portada: Vingt-Deuxième Mille
852 ## - LOCALIZACIÓN
Ubicación ES-MaACL
Número de control de estantería B-3252
Nota libre -- Enc. pasta española
-- -- En portada y cubierta: Quatrième Mille
942 ## - ELEMENTOS DE ENTRADA SECUNDARIOS (KOHA)
Fuente del sistema de clasificación o colocación Clasificación decimal universal
Holdings
Estatus retirado Estado de pérdida Estado de daño No para préstamo Colección Biblioteca de origen Biblioteca actual Ubicación en estantería Fecha de adquisición Fuente de adquisición Total de préstamos Signatura topográfica completa Código de barras Visto por última vez Precio de reemplazo Tipo de ítem Koha
        Libros del s. XIX Biblioteca del Ateneo de Madrid Biblioteca del Ateneo de Madrid Sala Pardo Bazán 17/01/2008     B-3252 1176508 25/07/2023 23/02/2023 Libro impreso antiguo
        Libros del s. XIX Biblioteca del Ateneo de Madrid Biblioteca del Ateneo de Madrid Sala Valle Inclán 17/01/2008     D-1519 901176507 25/07/2023 23/02/2023 Libro impreso antiguo